Let's go back to the basics/ (Record no. 5237)

MARC details
000 -LEADER
fixed length control field 00590nam a22001817a 4500
003 - CONTROL NUMBER IDENTIFIER
control field OSt
005 - DATE AND TIME OF LATEST TRANSACTION
control field 20251028054604.0
008 - FIXED-LENGTH DATA ELEMENTS--GENERAL INFORMATION
fixed length control field 251028b |||||||| |||| 00| 0 eng d
040 ## - CATALOGING SOURCE
Original cataloging agency DWC-Main Lib.
Transcribing agency OC
100 ## - MAIN ENTRY--PERSONAL NAME
Personal name VALDEZ, JUNER WINDEL M.
245 ## - TITLE STATEMENT
Title Let's go back to the basics/
Statement of responsibility, etc. JUNER WINDEL M. VALDEZ
260 ## - PUBLICATION, DISTRIBUTION, ETC.
Place of publication, distribution, etc. Manila :
Name of publisher, distributor, etc. Mindshapers Co.,
Date of publication, distribution, etc. c2011.
300 ## - PHYSICAL DESCRIPTION
Extent x, 214 pages ;
Other physical details 23 cm.
504 ## - BIBLIOGRAPHY, ETC. NOTE
Bibliography, etc. note Includes bibliography.
650 ## - SUBJECT ADDED ENTRY--TOPICAL TERM
Topical term or geographic name entry element 1. English language--Grammar.
650 ## - SUBJECT ADDED ENTRY--TOPICAL TERM
Topical term or geographic name entry element 2. English language--Grammar--Problems, exercises, etc.
942 ## - ADDED ENTRY ELEMENTS (KOHA)
Source of classification or shelving scheme Dewey Decimal Classification
Koha item type Book-Filipiniana
Classification part Fil.
Suppress in OPAC No
952 ## - LOCATION AND ITEM INFORMATION (KOHA)
--
Holdings
Withdrawn status Lost status Source of classification or shelving scheme Damaged status Not for loan Home library Current library Shelving location Date acquired Source of acquisition Total Checkouts Full call number Barcode Date last seen Copy number Price effective from Koha item type Uniform Resource Identifier
    Dewey Decimal Classification     College Library College Library Filipiniana 06/17/2014 Replacement   Fil. 428.2 V145L 2011 CL50853 10/28/2025 c1 10/28/2025 BK - FIL